History Quiz

Random History or City Quiz

Aztec, Maya, or Inca? Quiz Stats

Quiz Updated Apr 3, 2015

Challenge
Share
Tweet
Embed
Score 0/24 Timer 06:00
4 Plays Today
City A, M, or I? % Correct
Tenochtitlan???
68.3%
Mayapan???
67.3%
Tetzapotitlan???
66.8%
Texcoco???
61.9%
Machu Picchu???
60.7%
Chichen Itza???
56.5%
Tikal???
56.1%
Quito???
55.7%
Tlacopan???
55.2%
Cuzco???
54.1%
Oxtlipa???
53%
Copan???
52.5%
City A, M, or I? % Correct
Calakmul???
51.8%
Cuauhtochco???
51.3%
Bonampak???
48.7%
Atotonilco???
48%
Nazca???
46.4%
Piedras Negras???
41.7%
Quirigua???
38.6%
Coyolapan???
37.8%
Tiwanaku???
35.1%
Pachacamac???
33.3%
Cajamarca???
31.9%
Choquequirao???
27.5%

You're not logged in!

Compare scores with friends on all Sporcle quizzes.
Sign Up with Email
OR
Log In

You Might Also Like...

Show Comments

Extras

Top Quizzes Today


Score Distribution

Your Account Isn't Verified!

In order to create a playlist on Sporcle, you need to verify the email address you used during registration. Go to your Sporcle Settings to finish the process.